Highest Grossing Movies (2000) Quiz Stats

 Plays Quiz Updated Sep 20, 2016

Challenge
Share
Tweet
Score 0/30 Timer 08:00
1 Play Today
% Correct
How the Grinch Stole Christmas
95.4%
Gladiator
94.4%
Cast Away
93.7%
X-Men
91%
Charlie's Angels
87.2%
Meet the Parents
84.2%
Scary Movie
83.5%
Chicken Run
82.4%
Miss Congeniality
78.3%
Scream 3
76.7%
The Emperor's New Groove
71.6%
Mission: Impossible II
69.6%
What Women Want
68.5%
Crouching Tiger, Hidden Dragon
66.7%
The Patriot
65.5%
% Correct
Remember the Titans
64.8%
Nutty Professor II: The Klumps
62.6%
Dinosaur
57.7%
Erin Brockovich
55.4%
The Perfect Storm
55.3%
Me, Myself & Irene
55%
Big Momma's House
54.2%
Gone in 60 Seconds
48.8%
Unbreakable
42.9%
Space Cowboys
40.7%
Rugrats in Paris: The Movie
29.3%
The Family Man
27.2%
Traffic
27.2%
What Lies Beneath
24.8%
U-571
22.2%

You're not logged in!

Compare scores with friends on all Sporcle quizzes.
OR
Log In

You Might Also Like...

Show Comments

Extras

Top Quizzes Today


Score Distribution

Your Account Isn't Verified!

In order to create a playlist on Sporcle, you need to verify the email address you used during registration. Go to your Sporcle Settings to finish the process.

Report this User

Report this user for behavior that violates our Community Guidelines.

Details: